000
00197nam a2200085Ia 4500
008
170620s9999 xx 000 0 und d
100
_a
Selvam- S.K. Panneer
245
0
_a
E-Learning
260
_b
New Delhi- A.P.H
260
_c
2010
999
_c
25809
_d
25809